[Event "RUS-ch Boys U21 2021"]
[Site "Loo"]
[Date "2021.04.21"]
[Round "1.9"]
[White "Babanin, Gleb"]
[Black "Tsvetkov, Andrey"]
[Result "0-1"]
[WhiteElo "2123"]
[BlackElo "2404"]
[Annotator "ChessBase"]
[PlyCount "124"]
[EventDate "2021.04.21"]
[EventType "swiss"]
[EventCountry "RUS"]
[SourceTitle "playchess.com"]
[Source "ChessBase"]
[SourceQuality "1"]
[TimeControl "40/5400+30:1800+30"]

1. d4 {[%emt 0:00:00]} d5 {[%emt 0:00:00]} 2. Nf3 {[%emt 0:00:00]} Nf6 {[%emt 0:00:00]} 3. Bf4 {[%emt 0:00:00]} c5 {[%emt 0:00:19]} 4. e3 {[%emt 0:00:00]} Nc6 {[%emt 0:00:11]} 5. Nbd2 {[%emt 0:00:00]} Qb6 {[%emt 0:00:29]} 6. dxc5 {[%emt 0:00:18]} Qxb2 {[%emt 0:00:07]} 7. Rb1 {[%emt 0:00:05]} Qc3 {[%emt 0:00:05]} 8. Bb5 {[%emt 0:00:14]} e6 {[%emt 0:04:44]} 9. O-O {[%emt 0:00:51]} Be7 {[%emt 0:08:05]} 10. Nd4 {[%emt 0:02:25]} Bd7 {[%emt 0:04:26]} 11. N2b3 {[%emt 0:03:11]} Ne4 {[%emt 0:12:18]} 12. Bd3 {[%emt 0:16:07]} a6 {[%emt 0:10:32]} 13. a3 {[%emt 0:55:38]} Rd8 {[%emt 0:06:51]} 14. Bc7 {[%emt 0:06:39]} Rc8 {[%emt 0:04:15]} 15. Bb6 {[%emt 0:00:57]} Bf6 {[%emt 0:15:07]} 16. Nxc6 {[%emt 0:02:55]} Rxc6 {[%emt 0:20:59]} 17. f3 {[%emt 0:00:10]} Rxb6 {[%emt 0:00:38]} 18. cxb6 {[%emt 0:00:05]} Nd6 {[%emt 0:00:05]} 19. Qe1 {[%emt 0:00:52]} Qc8 {[%emt 0:01:13]} 20. e4 {[%emt 0:01:22]} dxe4 {[%emt 0:01:35]} 21. fxe4 {[%emt 0:00:11]} Be5 {[%emt 0:00:30]} 22. Nd2 {[%emt 0:01:25]} O-O {[%emt 0:01:31]} 23. Nf3 {[%emt 0:00:12]} Bc3 {[%emt 0:00:03]} 24. Qg3 {[%emt 0:01:42]} e5 {[%emt 0:00:19]} 25. Kh1 {[%emt 0:02:20]} f6 {[%emt 0:01:24]} 26. Qf2 {[%emt 0:01:41]} Be6 {[%emt 0:01:15]} 27. Rbd1 {[%emt 0:01:25]} Rd8 {[%emt 0:01:33]} 28. h3 {[%emt 0:00:21]} Qc6 {[%emt 0:00:28]} 29. Qe3 {[%emt 0:01:08]} Ba5 {[%emt 0:01:05]} 30. Rb1 {[%emt 0:00:13]} Qc3 {[%emt 0:01:07]} 31. Nh4 {[%emt 0:01:36]} Rd7 {[%emt 0:03:38]} 32. Qe2 {[%emt 0:00:32]} Qxa3 {[%emt 0:00:24]} 33. Nf5 {[%emt 0:00:23]} Qc5 {[%emt 0:00:03]} 34. Nxd6 {[%emt 0:00:31]} Rxd6 {[%emt 0:00:03]} 35. Bxa6 {[%emt 0:00:21]} Bxb6 {[%emt 0:00:48]} 36. Bd3 {[%emt 0:00:37]} Qc7 {[%emt 0:00:33]} 37. Rb5 {[%emt 0:00:33]} Bd4 {[%emt 0:00:27]} 38. Rfb1 {[%emt 0:00:45]} b6 {[%emt 0:00:21]} 39. R5b4 {[%emt 0:00:26]} Kh8 {[%emt 0:00:47]} 40. Bc4 {[%emt 0:00:00]} Bd7 {[%emt 0:00:00]} 41. Bd5 {[%emt 0:07:08]} g6 {[%emt 0:04:33]} 42. R4b3 {[%emt 0:05:51]} Kg7 {[%emt 0:12:21]} 43. Ra3 {[%emt 0:01:44]} f5 {[%emt 0:02:07]} 44. c4 {[%emt 0:02:00]} f4 {[%emt 0:01:20]} 45. Ra8 {[%emt 0:01:50]} Rf6 {[%emt 0:04:23]} 46. Rb3 {[%emt 0:05:50]} Kh6 {[%emt 0:01:48]} 47. Rf3 {[%emt 0:02:11]} Qd6 {[%emt 0:03:05]} 48. Kh2 {[%emt 0:03:10]} g5 {[%emt 0:01:46]} 49. Rg8 {[%emt 0:00:59]} Rf8 {[%emt 0:00:07]} 50. Rxf8 {[%emt 0:00:29]} Qxf8 {[%emt 0:00:01]} 51. Rb3 {[%emt 0:00:43]} g4 {[%emt 0:01:28]} 52. Rd3 {[%emt 0:04:00]} Kg6 {[%emt 0:01:43]} 53. Rxd4 {[%emt 0:01:35]} g3+ {[%emt 0:00:48]} 54. Kg1 {[%emt 0:00:07]} exd4 {[%emt 0:00:08]} 55. e5 {[%emt 0:00:23]} Bf5 {[%emt 0:01:06]} 56. Be4 {[%emt 0:00:55]} Bxe4 {[%emt 0:00:21]} 57. Qxe4+ {[%emt 0:00:01]} Qf5 {[%emt 0:00:00]} 58. Qc6+ {[%emt 0:00:11]} Kg5 {[%emt 0:00:25]} 59. Qxb6 {[%emt 0:00:44]} Qxe5 {[%emt 0:00:19]} 60. Qb5 {[%emt 0:01:14]} Qxb5 {[%emt 0:00:18]} 61. cxb5 d3 {[%emt 0:00:02]} 62. Kf1 {[%emt 0:00:15]} f3 {[%emt 0:00:01]} 0-1

[Event "RUS-ch Boys U21 2021"]
[Site "Loo"]
[Date "2021.04.21"]
[Round "1.10"]
[White "Stukan, Martin"]
[Black "Marchuk, Rostislav"]
[Result "1-0"]
[WhiteElo "2390"]
[BlackElo "2080"]
[Annotator "NA"]
[PlyCount "93"]
[EventDate "2021.04.21"]
[EventType "swiss"]
[EventCountry "RUS"]
[SourceTitle "playchess.com"]
[Source "ChessBase"]
[SourceQuality "1"]
[TimeControl "40/5400+30:1800+30"]

1. e4 {[%emt 0:00:00]} d6 {[%emt 0:00:00]} 2. d4 {[%emt 0:00:00]} Nf6 {[%emt 0:00:00]} 3. Nc3 {[%emt 0:00:00]} e5 {[%emt 0:00:00]} 4. Nf3 {[%emt 0:00:00]} Nbd7 {[%emt 0:00:00]} 5. Bc4 {[%emt 0:00:00]} Be7 {[%emt 0:00:00]} 6. O-O {[%emt 0:00:00]} O-O {[%emt 0:00:06]} 7. a4 {[%emt 0:00:00]} c6 {[%emt 0:00:04]} 8. Ba2 {[%emt 0:00:00]} a5 {[%emt 0:01:14]} 9. Qe2 {[%emt 0:00:20]} Qc7 {[%emt 0:04:52]} 10. Rd1 {[%emt 0:05:52]} Nb6 {[%emt 0:04:20]} 11. h3 {[%emt 0:07:11]} Nfd7 {[%emt 0:01:15]} 12. Bg5 {[%emt 0:17:18]} Re8 {[%emt 0:14:26]} 13. Bxe7 {[%emt 0:16:29]} Rxe7 {[%emt 0:00:19]} 14. Qd3 {[%emt 0:09:58]} Nf8 {[%emt 0:11:19]} 15. d5 {[%emt 0:11:36]} c5 {[%emt 0:12:06]} 16. Nd2 {[%emt 0:06:41]} Ng6 {[%emt 0:05:28]} 17. Bc4 {[%emt 0:00:16]} f5 {[%emt 0:08:41]} 18. Qe3 {[%emt 0:05:14]} Rf7 19. Bb5 Qe7 {[%emt 0:07:22]} 20. Kh2 {[%emt 0:11:16]} f4 {[%emt 0:11:07]} 21. Qd3 {[%emt 0:03:37]} f3 {[%emt 0:03:25]} 22. g3 {[%emt 0:01:19]} Bxh3 {[%emt 0:06:52]} 23. Kxh3 {[%emt 0:01:07]} Raf8 {[%emt 0:00:42]} 24. Kh2 {[%emt 0:01:09]} Qg5 {[%emt 0:00:32]} 25. Rh1 {[%emt 0:01:32]} Rf4 {[%emt 0:02:30]} 26. Kg1 {[%emt 0:00:59]} Rg4 {[%emt 0:00:45]} 27. Nf1 {[%emt 0:00:57]} h5 {[%emt 0:00:25]} 28. Rh2 {[%emt 0:00:25]} h4 {[%emt 0:00:57]} 29. Kh1 {[%emt 0:00:06]} Rf6 {[%emt 0:02:44]} 30. Be8 {[%emt 0:01:00]} Nf4 {[%emt 0:00:42]} 31. Qxf3 {[%emt 0:00:29]} hxg3 {[%emt 0:00:44]} 32. fxg3 {[%emt 0:00:13]} Nh5 {[%emt 0:01:26]} 33. Rxh5 {[%emt 0:00:28]} Rxf3 {[%emt 0:00:35]} 34. Rxg5 {[%emt 0:00:03]} Rxg5 {[%emt 0:00:03]} 35. Kg2 {[%emt 0:00:03]} Rf4 {[%emt 0:00:53]} 36. Ne3 {[%emt 0:00:26]} Kf8 {[%emt 0:00:16]} 37. Bb5 {[%emt 0:00:11]} g6 {[%emt 0:00:45]} 38. Rf1 {[%emt 0:01:42]} Kf7 {[%emt 0:01:09]} 39. Rf3 {[%emt 0:00:19]} Rxf3 {[%emt 0:00:26]} 40. Kxf3 {[%emt 0:00:00]} Rh5 {[%emt 0:00:00]} 41. Kg2 {[%emt 0:00:17]} Ke7 {[%emt 0:00:45]} 42. b3 {[%emt 0:00:30]} Rh8 {[%emt 0:00:15]} 43. Nb1 {[%emt 0:01:15]} Kd8 {[%emt 0:00:33]} 44. Be2 {[%emt 0:00:13]} Rh7 {[%emt 0:00:51]} 45. Na3 {[%emt 0:00:07]} Rf7 {[%emt 0:00:53]} 46. Nac4 {[%emt 0:00:20]} Nxc4 {[%emt 0:00:59]} 47. Nxc4 {[%emt 0:00:01]} 1-0

[Event "RUS-ch Boys U21 2021"]
[Site "Loo"]
[Date "2021.04.21"]
[Round "1.11"]
[White "Marchenko, Nikolay"]
[Black "Pavlov, Danila"]
[Result "1-0"]
[WhiteElo "2062"]
[BlackElo "2360"]
[Annotator "NA"]
[PlyCount "65"]
[EventDate "2021.04.21"]
[EventType "swiss"]
[EventCountry "RUS"]
[SourceTitle "playchess.com"]
[Source "ChessBase"]
[SourceQuality "1"]
[TimeControl "40/5400+30:1800+30"]

1. d4 {[%emt 0:00:00]} Nf6 {[%emt 0:04:51]} 2. Bf4 {[%emt 0:00:00]} g6 {[%emt 0:00:09]} 3. Nc3 {[%emt 0:00:11]} Bg7 {[%emt 0:00:05]} 4. e4 {[%emt 0:00:21]} d6 {[%emt 0:00:12]} 5. Qd2 {[%emt 0:00:10]} c6 {[%emt 0:03:55]} 6. Bh6 {[%emt 0:07:28]} O-O {[%emt 0:00:33]} 7. Bxg7 {[%emt 0:07:23]} Kxg7 {[%emt 0:00:04]} 8. f4 {[%emt 0:00:04]} b5 {[%emt 0:06:12]} 9. e5 {[%emt 0:00:53]} dxe5 {[%emt 0:01:28]} 10. fxe5 {[%emt 0:00:26]} Nd5 {[%emt 0:00:39]} 11. Nf3 {[%emt 0:07:06]} Nxc3 {[%emt 0:07:48]} 12. bxc3 {[%emt 0:03:08]} Be6 {[%emt 0:08:26]} 13. Bd3 {[%emt 0:04:26]} Bd5 {[%emt 0:01:01]} 14. h4 {[%emt 0:05:11]} h5 {[%emt 0:00:48]} 15. O-O {[%emt 0:00:16]} Na6 {[%emt 0:12:17]} 16. Ng5 {[%emt 0:09:55]} Qd7 {[%emt 0:13:56]} 17. Rae1 {[%emt 0:06:00]} Nc7 {[%emt 0:00:28]} 18. Re3 {[%emt 0:10:15]} f6 {[%emt 0:26:16]} 19. exf6+ {[%emt 0:05:37]} exf6 {[%emt 0:00:13]} 20. Nh3 {[%emt 0:00:06]} f5 {[%emt 0:07:30]} 21. Rg3 {[%emt 0:04:02]} Ne6 {[%emt 0:02:30]} 22. Rxf5 {[%emt 0:01:22]} Qe8 {[%emt 0:00:30]} 23. Rxh5 {[%emt 0:02:53]} Kf6 {[%emt 0:00:56]} 24. Bxg6 {[%emt 0:03:38]} Qb8 {[%emt 0:00:05]} 25. Re5 {[%emt 0:03:41]} Ke7 {[%emt 0:00:26]} 26. Ng5 {[%emt 0:01:45]} Kd7 {[%emt 0:00:20]} 27. Nxe6 {[%emt 0:00:49]} Bxe6 28. Be4 {[%emt 0:00:45]} Qd6 {[%emt 0:00:51]} 29. Rg7+ {[%emt 0:01:11]} Rf7 {[%emt 0:00:02]} 30. Rxf7+ {[%emt 0:00:07]} Bxf7 {[%emt 0:00:06]} 31. Qf4 {[%emt 0:00:32]} Bxa2 {[%emt 0:00:59]} 32. Bf5+ {[%emt 0:00:05]} Kd8 {[%emt 0:00:03]} 33. Re8+ {[%emt 0:00:05]} 1-0

[Event "RUS-ch Boys U21 2021"]
[Site "Loo"]
[Date "2021.04.21"]
[Round "1.12"]
[White "Makoveev, Ilya"]
[Black "Koliev, Irlan"]
[Result "1-0"]
[WhiteElo "2315"]
[BlackElo "2023"]
[Annotator "NA"]
[PlyCount "75"]
[EventDate "2021.04.21"]
[EventType "swiss"]
[EventCountry "RUS"]
[SourceTitle "playchess.com"]
[Source "ChessBase"]
[SourceQuality "1"]
[TimeControl "40/5400+30:1800+30"]

1. d4 {[%emt 0:00:00]} Nf6 {[%emt 0:00:00]} 2. c4 {[%emt 0:00:00]} g6 {[%emt 0:00:00]} 3. g3 {[%emt 0:00:22]} Bg7 {[%emt 0:01:28]} 4. Bg2 {[%emt 0:00:29]} O-O {[%emt 0:00:18]} 5. Nc3 {[%emt 0:00:32]} d6 {[%emt 0:02:06]} 6. Nf3 {[%emt 0:01:09]} Nbd7 {[%emt 0:02:09]} 7. O-O {[%emt 0:00:33]} e5 {[%emt 0:00:09]} 8. e4 {[%emt 0:00:24]} exd4 {[%emt 0:02:25]} 9. Nxd4 {[%emt 0:00:06]} Nc5 {[%emt 0:00:10]} 10. h3 {[%emt 0:02:13]} Re8 {[%emt 0:00:43]} 11. Re1 {[%emt 0:00:40]} a5 {[%emt 0:00:47]} 12. Qc2 {[%emt 0:13:13]} Bd7 {[%emt 0:09:25]} 13. Be3 {[%emt 0:11:41]} a4 {[%emt 0:05:54]} 14. Rad1 {[%emt 0:07:22]} Qc8 {[%emt 0:16:58]} 15. g4 {[%emt 0:03:42]} h5 {[%emt 0:05:55]} 16. f3 {[%emt 0:03:44]} a3 {[%emt 0:12:25]} 17. b3 {[%emt 0:01:18]} Ne6 {[%emt 0:02:42]} 18. Nce2 {[%emt 0:05:35]} Nh7 {[%emt 0:13:19]} 19. gxh5 {[%emt 0:10:21]} Nxd4 {[%emt 0:01:43]} 20. Bxd4 {[%emt 0:00:07]} Bxd4+ {[%emt 0:07:08]} 21. Rxd4 {[%emt 0:01:43]} Bxh3 {[%emt 0:03:37]} 22. hxg6 {[%emt 0:07:17]} fxg6 {[%emt 0:00:42]} 23. Nf4 {[%emt 0:01:01]} Bxg2 {[%emt 0:04:32]} 24. Qxg2 {[%emt 0:00:34]} g5 {[%emt 0:03:17]} 25. Rd5 {[%emt 0:03:59]} Re5 {[%emt 0:00:40]} 26. Kf2 {[%emt 0:05:05]} Qd8 {[%emt 0:03:11]} 27. Rh1 {[%emt 0:01:06]} Qf6 {[%emt 0:00:37]} 28. Qh3 {[%emt 0:04:08]} Re7 {[%emt 0:00:42]} 29. Ne2 {[%emt 0:01:46]} Rg7 {[%emt 0:00:39]} 30. Rf5 {[%emt 0:02:20]} Qb2 {[%emt 0:00:06]} 31. Qh6 {[%emt 0:01:17]} Re8 {[%emt 0:00:07]} 32. Ke3 {[%emt 0:01:54]} Qxa2 {[%emt 0:00:17]} 33. Nd4 {[%emt 0:00:04]} Qb2 {[%emt 0:01:37]} 34. Ne6 {[%emt 0:00:08]} Qxb3+ {[%emt 0:00:05]} 35. Kf2 {[%emt 0:00:05]} Qb2+ {[%emt 0:00:03]} 36. Kg3 {[%emt 0:00:04]} Rge7 {[%emt 0:00:17]} 37. Qg6+ {[%emt 0:00:09]} Kh8 {[%emt 0:00:07]} 38. Rxh7+ {[%emt 0:00:04]} 1-0

[Event "RUS-ch Boys U21 2021"]
[Site "Loo"]
[Date "2021.04.22"]
[Round "2.1"]
[White "Murzin, Volodar"]
[Black "Stukan, Martin"]
[Result "1-0"]
[WhiteElo "2478"]
[BlackElo "2390"]
[Annotator "TA"]
[PlyCount "130"]
[EventDate "2021.04.21"]
[EventType "swiss"]
[EventCountry "RUS"]
[SourceTitle "playchess.com"]
[Source "ChessBase"]
[SourceQuality "1"]

{[%evp 12,130,17,13,22,20,19,17,25,5,0,6,0,1,15,-10,15,-15,-9,-60,-43,-39,0,0,0,0,0,7,4,0,29,31,39,0,27,-33,0,0,0,0,84,75,91,81,78,91,43,0,0,46,122,0,0,0,0,0,0,0,0,-24,0,0,0,0,0,-242,12,0,21,26,168,167,563,572,535,507,704,689,689,662,709,700,766,780,762,744,998,994,952,952,939,738,6602,6383,2119,3568,29979,29980,29980,29981,29981,29982,29982,29983,29983,29984,29984,29985,29985,29986,29986,29987,29987,29988,29988,29988,29990,29991,29992,29993,29998]} 1. e4 c5 2. Nf3 d6 3. Bb5+ Nd7 4. c3 Ngf6 5. Qe2 a6 6. Ba4 b5 7. Bc2 Bb7 {B51: Sicilian: Moscow Variation (3 Bb5+) without 3...Bd7.} 8. d4 e6 9. O-O Be7 {The position is equal.} 10. Nbd2 Qc7 11. Bd3 Nh5 {[#]} 12. Qe3 $146 ({Predecessor:} 12. g3 Nhf6 13. b3 O-O 14. Bb2 c4 15. Bc2 cxb3 16. axb3 b4 17. Bd3 bxc3 18. Rac1 {½-½ (95) Ponomariov,R (2712)-Vidit,S (2692) Khanty-Mansiysk 2017}) 12... O-O 13. Re1 Rfc8 14. Nf1 e5 15. Ng3 (15. Qe2 $11) 15... Nxg3 16. hxg3 Bf6 17. d5 c4 18. Bc2 a5 19. g4 Ba6 20. g5 Bd8 21. Nh4 g6 22. Bd2 Nc5 23. g3 (23. Qg3 $11) 23... Rcb8 (23... b4 $5) 24. a3 Qd7 25. Kg2 b4 (25... f6 $11 {keeps the balance.}) 26. cxb4 $16 ({Much worse is} 26. axb4 $6 axb4 27. cxb4 Nd3 $11) 26... axb4 27. Bxb4 ({Reject} 27. axb4 $6 Nd3 $11) 27... Nd3 28. Bxd3 cxd3 29. Nf3 Bb6 30. Qd2 Rc8 ({Black should play} 30... Rf8 $14 31. Rac1 Rac8) 31. Bc3 (31. Rac1 $16) 31... Rf8 $1 $11 32. Nh4 f6 $36 {[%mdl 2048] Black fights for an advantage.} 33. gxf6 Rxf6 34. f3 Raf8 35. Rh1 Qa7 36. Rae1 Bc4 37. Rhf1 R6f7 38. f4 $2 {[#]} (38. Bb4 $11) 38... exf4 $2 (38... g5 $1 $19 39. Nf5 Rxf5 40. exf5 Rxf5) 39. Rxf4 {Threatens to win with Nf5!} Rxf4 (39... Qe7 $5 {[%cal Rf7f4]} 40. Nxg6 hxg6 $11) 40. gxf4 Qe7 {Loses the game.} (40... g5 $1 $11 41. Nf5 Rxf5 42. exf5 Qf7) 41. Nf3 {aiming for f5!} h6 $2 (41... Qf7 42. Kg3 Bd8) 42. f5 $18 g5 43. Nh2 Kh7 44. Ng4 h5 {[#]} 45. a4 $1 {[%cal Ba3a4,Ba4a5][%mdl 32]} Bd8 {[#]} (45... Bb3 46. Qxd3) 46. Qe3 Qf7 {[#]} (46... Bxd5 47. exd5) 47. Qd4 $1 Ba6 {[#]} 48. b4 $1 {[%cal Bb2b4,Bb4b5][%mdl 32]} Re8 {[#]} (48... Bc8 49. b5) 49. b5 $1 Bc8 {[#]} 50. a5 $1 d2 51. Bxd2 Bxf5 52. exf5 Rxe1 53. Bxe1 hxg4 54. Bc3 {[%csl Gc3][%cal Rd4h8] White mates.} Bf6 55. Qxf6 {[%csl Gc3][%cal Rf6h8][%mdl 64] Double Attack} Qxd5+ 56. Kh2 {[%csl Gc3][%cal Rf6h8]} g3+ 57. Kxg3 {[%csl Gc3][%cal Rf6h8]} Qd3+ 58. Kf2 {[%csl Gc3][%cal Rf6h8]} Qc2+ 59. Ke3 {[%csl Gc3][%cal Rf6h8]} Qc1+ 60. Kd4 Qd1+ {[#]} 61. Kc4 $1 {[%csl Gc3][%cal Rf6h8]} Qa4+ 62. Kd5 {[%csl Gc3][%cal Rf6h8]} Qxb5+ 63. Kxd6 {[%csl Gc3][%cal Rf6h8]} Qb8+ 64. Kc5 {[%csl Gc3][%cal Rf6g7]} Qc8+ 65. Kb4 {[%csl Gc3][%cal Rf6g7]} Qf8+ {Weighted Error Value: White=0.18/Black=0.50} 1-0

[Event "RUS-ch Boys U21 2021"]
[Site "Loo"]
[Date "2021.04.22"]
[Round "2.2"]
[White "Tsvetkov, Andrey"]
[Black "Makarian, Rudik"]
[Result "1-0"]
[WhiteElo "2404"]
[BlackElo "2468"]
[Annotator "TA"]
[PlyCount "59"]
[EventDate "2021.04.21"]
[EventType "swiss"]
[EventCountry "RUS"]
[SourceTitle "playchess.com"]
[Source "ChessBase"]
[SourceQuality "1"]

{[%evp 16,59,28,25,58,66,52,52,38,43,76,69,84,70,58,60,60,51,69,58,81,60,74,77,71,29,41,40,31,38,133,143,129,127,183,197,213,192,211,212,228,229,229,217,318,325]} 1. d4 Nf6 2. c4 e6 3. Nc3 Bb4 4. e3 O-O 5. Bd2 b6 6. Bd3 Bb7 7. Nf3 c5 8. a3 $1 {[%mdl 4] is now more promising than 8.0-0.} Bxc3 9. Bxc3 Ne4 {E43: Nimzo-Indian: Rubinstein: 4...b6.} 10. Bxe4 Bxe4 11. dxc5 bxc5 {White is slightly better.} 12. Qd6 {[#] Black must now prevent Qe5!} Nc6 13. Qxc5 d6 14. Qg5 Qxg5 15. Nxg5 $40 {[%mdl 128] White is up to no good.} Bd3 16. O-O-O Bxc4 17. Rxd6 Ne7 18. e4 Nc8 {[#]} 19. Rc6 $146 ({Predecessor:} 19. Rd4 Nb6 20. Kc2 Rfc8 21. b3 e5 22. Rxc4 Nxc4 23. bxc4 Rxc4 24. Re1 Ra4 25. Kb3 {1-0 (46) Aczel,G (2530)-Morozov,N (2394) Mamaia 2019}) 19... Nb6 20. Ba5 Rfc8 21. Rxc8+ Rxc8 22. Bxb6 Bb3+ (22... axb6 $14 23. Kd2 f6) 23. Kd2 $16 Rc2+ 24. Ke3 axb6 {[%mdl 4096] Endgame KRB-KRN} (24... h6 $16) 25. Rd1 $18 {[%cal Rd1d8] [#]} g6 26. Rd2 Rc5 27. Nf3 Ba4 28. Rd6 b5 29. Rd3 {Hoping for b3.} b4 (29... Bc2 {was necessary.}) 30. Rd4 {Weighted Error Value: White=0.05/Black=0.27} ({Weaker is} 30. axb4 Rc8 $18) 1-0

[Event "RUS-ch Boys U21 2021"]
[Site "Loo"]
[Date "2021.04.22"]
[Round "2.3"]
[White "Makoveev, Ilya"]
[Black "Pogosyan, Stefan"]
[Result "1-0"]
[WhiteElo "2315"]
[BlackElo "2444"]
[Annotator "TA"]
[PlyCount "83"]
[EventDate "2021.04.21"]
[EventType "swiss"]
[EventCountry "RUS"]
[SourceTitle "playchess.com"]
[Source "ChessBase"]
[SourceQuality "1"]

{[%evp 24,83,18,19,21,12,59,63,75,63,52,44,158,158,157,148,142,156,170,168,171,180,172,161,192,189,263,253,250,254,264,256,395,396,385,350,350,348,348,350,347,339,342,338,450,291,329,322,260,260,260,260,260,260,602,600,600,590,571,569,546,505]} 1. e4 e5 2. Nf3 Nc6 3. Bb5 a6 4. Ba4 Nf6 5. O-O Be7 6. Re1 b5 7. Bb3 O-O 8. c3 d6 9. h3 Na5 10. Bc2 c5 11. d4 Nd7 12. Nbd2 exd4 13. cxd4 Re8 {C96: Closed Ruy Lopez: Chigorin Defence: 11 d4, replies other than 11...Qc7.} 14. Nf1 Bf6 15. e5 dxe5 {White is slightly better.} 16. dxe5 Be7 {[#]} 17. Be4 $146 ({Predecessor:} 17. Qd3 Nf8 18. Qe2 Nc6 19. Bd2 Be6 20. b3 Qc7 21. Ng5 Nd4 22. Qd1 Nxc2 23. Nxe6 Nxe6 24. Qxc2 {1-0 (63) Slivova,V (1753)-Skopal,V (1640) Havirov 2008}) 17... Rb8 (17... Ra7 $14) 18. e6 $1 $16 {[%cal Re6f7]} fxe6 19. Bf4 Rb6 {[#]} 20. Qc2 $1 {[%mdl 1024] White has strong compensation.} Nf6 21. Rad1 Bd6 {[#]} 22. Ng5 h6 23. Bh7+ Kf8 24. Ne4 $36 {[%mdl 2048] Black is under strong pressure.} e5 (24... Nxe4 {was called for.} 25. Rxe4 (25. Qxe4 Nc4 $18) 25... Qc7) 25. Be3 (25. Rxd6 Rxd6 26. Nxd6 Qxd6 $11) 25... Nxe4 26. Bxe4 (26. Qxe4 $6 Bb7) 26... Qe7 27. Bg6 Rd8 (27... Nb7 {might work better.} 28. Bxe8 Qxe8) 28. b4 $18 Nb7 29. bxc5 Rc6 {[%cal Rd6c5]} 30. Be4 ({Weaker is} 30. cxd6 Rdxd6 31. Qe4 Rxg6 $11) 30... Rxc5 31. Bxc5 Nxc5 32. Ne3 Nxe4 33. Qxe4 Bb7 34. Qg6 {Nf5 is the strong threat.} Qf6 35. Qxf6+ gxf6 36. Nf5 {[%mdl 64] Double Attack} Be7 37. Rxd8+ ({Don't do} 37. Nxh6 $6 Rd5 $16) 37... Bxd8 38. Rd1 ({But not} 38. Nxh6 $6 Ke7 $18) 38... Bb6 (38... Be7 39. Rd7 Bc8 40. Rxe7 Bxf5) 39. Rd6 {[%mdl 64] Double Attack. White is clearly winning.} Bc5 40. Rxf6+ {[%mdl 64] Double Attack} Kg8 41. Nxh6+ Kh8 42. Rf5 {Black got outplayed after the opening.  Weighted Error Value: White=0.10/Black=0.38} 1-0

[Event "RUS-ch Boys U21 2021"]
[Site "Loo"]
[Date "2021.04.22"]
[Round "2.4"]
[White "Dudin, Gleb"]
[Black "Marchenko, Nikolay"]
[Result "1/2-1/2"]
[WhiteElo "2418"]
[BlackElo "2062"]
[Annotator "TA"]
[PlyCount "158"]
[EventDate "2021.04.21"]
[EventType "swiss"]
[EventCountry "RUS"]
[SourceTitle "playchess.com"]
[Source "ChessBase"]
[SourceQuality "1"]

{[%evp 16,158,-9,-8,-14,-12,0,-22,0,-16,-29,-38,-11,-43,-50,-54,-35,-74,-47,-59,-43,-41,-4,-14,-29,-50,-46,-46,-22,-25,-5,-10,-4,-74,-9,-67,-16,-10,71,47,91,88,93,67,97,96,96,93,91,91,87,76,89,83,172,181,166,165,172,166,257,252,243,221,219,156,157,151,107,104,134,113,213,204,244,241,300,129,118,33,30,0,0,0,0,0,0,0,0,0,0,0,0,0,0,0,0,0,0,0,0,0,0,0,0,0,0,0,0,0,0,0,0,0,12,12,14,14,21,0,0,0,29,0,0,0,0,0,0,0,0,0,0,0,0,0,0,0,0,0,0,0,0,0,0]} 1. Nf3 c5 2. g3 Nc6 3. Bg2 g6 4. d4 cxd4 5. Nxd4 Bg7 6. Nb3 Nf6 7. O-O O-O 8. c4 d6 9. Nc3 Be6 {E60: King's Indian: Unusual lines and Fianchetto Variation without Nc3.} 10. c5 d5 11. Bg5 d4 12. Nb5 {[%cal Rb5d4]} h6 {Strongly threatening ...Bxb3.} 13. Bc1 {[%cal Rb5d4]} Ne8 {[#]} 14. Qd3 $146 ({Predecessor:} 14. Bxc6 bxc6 15. N5xd4 Bh3 16. Re1 Qc7 17. Be3 Nf6 18. f3 e5 19. Nc2 Rfd8 20. Qc1 {½-½ (43) Tokman,A (2283)-Pierrot,J (2406) Rosario 2017}) 14... Bf5 15. Qc4 e5 16. Rd1 Be6 17. Qa4 a6 18. Na3 Qe7 19. e3 {[%cal Re3d4]} Rd8 20. exd4 Nxd4 21. Nxd4 exd4 22. Bd2 d3 23. Qb4 Bd5 24. Re1 (24. c6 $11 Qe6 25. cxb7 Bxg2 26. Kxg2) 24... Qc7 (24... Qd7 $17 25. Nc4 Bxg2 26. Kxg2 Qd5+ 27. f3 Nc7) 25. Bh3 (25. Nc4 $11) 25... Qc6 (25... a5 $15 26. Qa4 Qxc5) 26. Nc4 $11 Bd4 (26... Bxc4 $11 {keeps the balance.} 27. Qxc4 Nd6) 27. Ne5 $36 {[%mdl 2112] Double Attack. Black is under pressure.} Qxc5 28. Qxc5 Bxc5 29. Nxd3 Bd4 30. Bxh6 Ng7 31. Bg5 f6 32. Be3 Be6 33. Bg2 Bxe3 34. Rxe3 Bd5 (34... b6 $16) 35. Bxd5+ $18 Rxd5 36. Nf4 {[%mdl 64] Double Attack} Rd2 37. Nxg6 Rfd8 (37... Re8 {might work better.} 38. Rxe8+ Nxe8) 38. Rb3 b5 39. a4 Nf5 {next ...Nd4 is good for Black.} 40. Nf4 ({Don't play} 40. axb5 $6 Nd4) 40... Nd4 {[#]} 41. Rc3 b4 {[#]} 42. Rc7 Rxb2 43. Rb7 b3 (43... a5 $16 {was worth a try.} 44. Kf1 Nb3) 44. Kg2 Nc2 45. Rc1 f5 46. Kg1 (46. Kh3 $18) 46... Rd4 $16 47. h4 (47. a5 $16) 47... Rb4 $14 48. Rc7 (48. Nd3 {keeps more tension.} Rxb7 49. Nxb2 f4 50. Rd1 fxg3 51. fxg3 Rc7 52. Kf2) 48... Ra2 $1 49. Nd3 b2 50. Nxb2 Rbxb2 51. Rd1 {[%cal Rd1d8]} Ra1 52. Rxa1 Nxa1 $11 {[%mdl 4096] Endgame KRN-KR} 53. Rc6 Rb4 54. Rxa6 Nb3 55. Rf6 Nd4 56. a5 Ra4 57. a6 Kg7 58. Rd6 Ne2+ 59. Kg2 Nc3 60. f3 Ra2+ 61. Kf1 Ne2 62. g4 Ng3+ 63. Kg1 Ne2+ 64. Kf2 (64. Kf1 {looks sharper.}) 64... f4 (64... Nf4+ {is interesting.} 65. Kg3 Ne2+ 66. Kg2 Nf4+ 67. Kf1 Ra1+) 65. Ke1 Ng1 66. Rd3 Nh3 67. Rd6 Ng1 68. Rd3 Nh3 69. Rd2 (69. Rd7+ {seems wilder.} Kf6 70. a7 Ng1 71. Rd3 Rxa7 72. Kf2) 69... Ra1+ {The position is equal.} 70. Ke2 Rxa6 {And now ...Ra3 would win.} 71. Kf1 Rh6 72. Rd7+ Kf8 73. h5 {Hoping for Rd8+.} Ng5 (73... Rc6 {is more complex.} 74. Rd5 Rc2 75. h6 Kg8 76. g5 Rf2+) 74. Rd4 Rf6 75. Kg2 Kg7 76. Ra4 Kh6 77. Rb4 Ne6 78. Rb6 Kg7 79. Ra6 Ng5 {Blacks defense is rewarded with a draw.  Weighted Error Value: White=0.16/Black=0.20} 1/2-1/2